Ágilmente. (Registro nro. 3095)

Detalles MARC
000 -LEADER
fixed length control field 01694nam a2200205 a 4500
008 - CAMPO DE CONTROL (LIBRO)
fixed length control field 200311s2014 ag ||||gr|||| 001 0 spa d
020 ## - INTERNATIONAL STANDARD BOOK NUMBER
ISBN 9789500739719
041 ## - CODIGO DE IDIOMA
Código de idioma del texto/pista de sonido o título separado spa
092 ## - SIGNATURA TOPOGRAFICA DEWEY LOCAL
número de clasificación 864
libristica 6
sección BAC
100 1# - ENTRADA PRINCIPAL--NOMBRE PERSONAL
Nombre personal Bachrach, Estanilao.
9 (RLIN) 4136
245 ## - TITULO PROPIAMENTE DICHO
Título Ágilmente.
Subtítulo y Título paralelo Aprende cómo funciona tu cerebro para potenciar tu creatividad y vivir mejor /
Mención de responsabilidad y remanente de la transcripción de la portada Estanilao Bachrach.
250 ## - MENCION DE EDICION
Mención de edición 20a ed.
260 ## - PIE DE IMPRENTA
Lugar de publicación, distribución, etc Buenos Aires:
Nombre de la editorial, distribuidor, etc Sudamericana;
Fecha de publicación 2014.
300 ## - DESCRIPCION FISICA
Extension 392 p.
Otros detalles físicos 23x16 cm.
500 ## - NOTA GENERAL
Nota general Bachrach, E. (2014). Ágilmente. Aprende cómo funciona tu cerebro para potenciar tu creatividad y vivir mejor. (20 ed.). Buenos Aires : Sudamericana.
520 ## - NOTA DE RESUMEN
Nota de resumen ¿Creés que ser creativo es un atributo de genios y gurúes? Estas equivocado. Seas quien seas podés cambiar. La creatividad puede expandirse. Hoy la neurociencia es clara: el cerebro aprende hasta el último día de vida. Tu mente, mediante la aplicación de las técnicas correctas, puede modificar la anatomía y estructura de tu cerebro. Ágilmente es un libro sobre nuestro talento más preciado y único: la habilidad que tenemos para imaginar y ser más creativos. A través de estas páginas vas a lograr desarrollar todo tu potencial y a entender los mecanismos de tus propios aprendizajes, a comprender cómo utilizar los sentidos, a ampliar la memoria, a focalizar la atención, a controlar las emociones negativas y a disfrutar de las positivas.<br/>Dejate llevar en un viaje alucinante y divertido hacia lo más profundo de tu cerebro porque, una vez que lo conozcas, tu vida va a cambiar para siempre.
590 ## - NOTAS LOCALES (RLIN)
Nota local Proyecto 4to libro. Donación Pardo Paula. Marzo 2020.
655 ## - MATERIA - GENERO/FORMA
Género/Forma Literatura
-- 2917
942 ## - ADDED ENTRY ELEMENTS (KOHA)
Source of classification or shelving scheme Dewey Decimal Classification
Item type LITERATURA
Existencias
Estado de retiro Existencia Fuente de clasificación Estado general No para prestamo Ubicación permanente ubicación actual Sala de ubicación Fecha de adquisición Fuente de adquisición Total Checkouts Total Renewals Número de clasificación Código de barras Date last seen Date last borrowed Número de ejemplar Price effective from Koha tipo de elemento (item) Public note
    Dewey Decimal Classification     Biblioteca Medicina Biblioteca Medicina Circulación 11/03/2020 Donación Pardo, Paula. Marzo 2020. 1 1 864 6 BAC 4649 26/10/2023 05/10/2023 Ej. 1 11/03/2020 LITERATURA Proyecto 4to libro. Donación Pardo, Paula. marzo 2020.

UNIVERSIDAD NACIONAL DEL COMAHUE
Biblioteca de la Facultad de Ciencias Médicas
Sede Toschi: Los Arrayanes y Av. Toschi, Cipolletti  - Rio Negro
Sede Los Tordos:  Yrigoyen al 2211, Cipolletti - Rio Negro 

Teléfono: 0299 - 4774707 int 25
Contacto: biblioteca@facimed.uncoma.edu.ar
© 2011 - 2026